| 000 | 00474nam a2200133 a 4500 | ||
|---|---|---|---|
| 008 | 120416s1968 ||||||||||||||||| || u | ||
| 050 | _aTA 418.14 Spe | ||
| 100 | _aSpencer, G. C | ||
| 245 | 1 | 3 | _aAn introduction to plasticity |
| 260 |
_aLondon _bChapman & Hall _c1968 |
||
| 300 | _ax, 118p. : ill | ||
| 350 | _a0.00 | ||
| 995 |
_D0.00 _FCBU-MAIN LIBRARY (Kitwe) _H1 _I1.40 _M1 _UAVAILABLE _ZAnnex Low-Usage Collection |
||
| 999 |
_c47940 _d47940 |
||